| 000 | 00387 a2200145 4500 | ||
|---|---|---|---|
| 005 | 20250507090027.0 | ||
| 020 | _a434 90292 6 | ||
| 082 | _a658. 3 CUM | ||
| 100 | _aCUMING, M. W. | ||
| 245 | _aThe Theory and Practice of Personnel Management | ||
| 250 | _a4th Ed. | ||
| 260 |
_aLondon, _bHeinemann, _c1980. |
||
| 300 |
_axi, 399p.: ill.; figure, table. _bIndex. _c22cm. |
||
| 942 |
_2ddc _cBKS |
||
| 999 |
_c1749 _d1749 |
||